Guess the Harry Potter Movies by Scene #37 - Statistics

General Stats
  • This quiz has been taken 97 times
  • The average score is 17 of 20
Answer Stats
Picture Answer % Correct
Philosopher's Stone
100%
Chamber of Secrets
90%
Goblet of Fire
90%
Half-Blood Prince
90%
Half-Blood Prince
86%
Half-Blood Prince
86%
Order of the Phoenix
86%
Philosopher's Stone
86%
Philosopher's Stone
86%
Philosopher's Stone
86%
Chamber of Secrets
81%
Half-Blood Prince
81%
Order of the Phoenix
81%
Prisoner of Azkaban
81%
Deathly Hallows – Part 1
76%
Deathly Hallows – Part 2
76%
Deathly Hallows – Part 2
76%
Prisoner of Azkaban
76%
Deathly Hallows – Part 1
71%
Goblet of Fire
71%
No matching quizzes found
Score Distribution
Percent of People with Each Score
Percentile by Number Answered
Your Score History
You have not taken this quiz